Normal view
MARC view
Entry Personal Name
001 - CONTROL NUMBER
- control field: 3126
003 - CONTROL NUMBER IDENTIFIER
- control field: OSt
005 - DATE AND TIME OF LATEST TRANSACTION
- control field: 20260423102241.0
008 - FIXED-LENGTH DATA ELEMENTS
- fixed length control field: 260423|| aca||aabn | a|a d
040 ## - CATALOGING SOURCE
- Original cataloging agency: OSt
- Transcribing agency: OSt
100 ## - HEADING--PERSONAL NAME
- Personal name: Gallo, Enrico
- Titles and other words associated with a name: (Tax lawyer)
670 ## - SOURCE DATA FOUND
- Source citation: Work cat.: (OSt)33515: Gallo, Enrico (Tax lawyer), author., Artificial intelligence and taxation law :, 2025.